[Event "7th Batavia GM 2015"]
[Site "Amsterdam NED"]
[Date "2015.03.01"]
[Round "9.4"]
[White "Goudriaan, Etienne"]
[Black "Zwirs, Nico"]
[Result "1-0"]
[WhiteTitle "IM"]
[WhiteElo "2349"]
[BlackElo "2358"]
[WhiteFideId "1021150"]
[BlackFideId "1036432"]
[EventDate "2015.02.20"]

1. d4 Nf6 2. c4 g6 3. Nc3 Bg7 4. e4 d6 5. Nf3 O-O 6. h3 e5 7. d5 a5 8. g4 Na6 9.
Be3 Nd7 10. Be2 Ndc5 11. g5 c6 12. h4 Bd7 13. Nd2 Qe8 14. Nb3 cxd5 15. Nxc5 Nxc5
16. Nxd5 Qd8 17. Bxc5 dxc5 18. Qd2 Be6 19. O-O-O Bxd5 20. Qxd5 Qb6 21. Qd6 Ra6
22. Qxb6 Rxb6 23. Rd5 f5 24. Bd3 fxe4 25. Bxe4 Rxf2 26. Rd8+ Kf7 27. Rhd1 Bf8
28. R1d7+ Kg8 29. h5 Rbxb2 30. Bd5+ Kh8 31. Rxf8+ Rxf8 32. Kxb2 gxh5 33. Be4 Rf4
34. Rxh7+ Kg8 35. Bc2 Rxc4 36. Rxb7 Rg4 37. g6 e4 38. Bb3+ Kf8 39. Rf7+ Ke8 40.
Ba4+ Kd8 41. g7 Rg2+ 42. Kc3 Rg3+ 43. Kc4 e3 44. Rf8+ Kc7 45. g8=Q Rxg8 46. Rxg8
e2 47. Re8 e1=Q 1-0

[Event "7th Batavia GM 2015"]
[Site "Amsterdam NED"]
[Date "2015.03.01"]
[Round "9.5"]
[White "Schmaltz, Roland"]
[Black "Gormally, Daniel W"]
[Result "1/2-1/2"]
[WhiteTitle "GM"]
[BlackTitle "GM"]
[WhiteElo "2527"]
[BlackElo "2489"]
[WhiteFideId "4614054"]
[BlackFideId "406465"]
[EventDate "2015.02.20"]

1. e4 c5 2. Nf3 d6 3. d4 cxd4 4. Nxd4 Nf6 5. Nc3 a6 6. f3 e6 7. Be3 b5 8. Qd2
Nbd7 9. O-O-O Bb7 10. g4 Nb6 11. Qf2 Nfd7 12. Bd3 Rc8 13. Nce2 Be7 14. Kb1 Na4
15. h4 Ndc5 16. b3 Nxd3 17. cxd3 Nc5 18. g5 O-O 19. Ng3 b4 20. f4 f5 21. gxf6
Bxf6 22. Qg2 a5 23. Nh5 a4 24. Rhg1 Kh8 25. f5 axb3 26. axb3 exf5 27. Nxf5 Ne6
28. Nxf6 Qxf6 29. Qb2 Rc3 30. Rxg7 Rxd3 31. Qxf6 Rxd1+ 32. Kb2 Rxf6 33. Rxb7 h5
34. Rxb4 Rg6 35. Kc2 Rh1 36. Rb6 Rg4 37. Rxd6 Rxe4 38. Ng3 1/2-1/2